| 000 | 00616nam a22001937a 4500 | ||
|---|---|---|---|
| 005 | 20251108172030.0 | ||
| 008 | 250721s1994 xx 000 0 ara d | ||
| 082 | 1 | 4 | _a343.5/نجم |
| 100 | 1 | _aنجم، محمد صبحي | |
| 245 | 1 | 0 | _aالجرائم الواقعة على الأشخاص / |
| 264 | 1 |
_aعمان : _bمكتبة دار الثقافة للنشر و التوزيع، _c1994. |
|
| 300 | _a328ص | ||
| 650 | 1 | 7 | _aالقانون الجنائي |
| 650 | 1 | 7 | _aقانون العقوبات |
| 650 | 1 | 7 | _aالأردن |
| 700 | 1 | _aتوفيق، عبد الرحمن | |
| 942 |
_2ddc _cBK |
||
| 999 |
_c68727 _d68727 |
||